000 00284nam a22001097a 4500
082 _a355.02 KHA'O
100 _aKHAN, MUHAMMAD AKBAR
_979356
245 _aON WAR THE ISLAMIC POLICY GRAND STRATEGY AND DIPLOMACY
260 _aKARACHI
_bISLAMIC MSA
_c1969
300 _a418P
942 _cBK
999 _c584399
_d584399